000
00308nam a2200133Ia 4500
008
231129s1981||||xx |||||||||||||| ||spa||
040
_b
spa
082
_a
604.2 L841d
100
_a
Lombardo Josef Vicent
245
0
_a
Dibujo tecnico y de ingenieria
260
_c
1981
264
_a
Cecsa
942
_2
ddc
_c
BKS
999
_c
9279
_d
9279